000 00748nam a22001577a 4500
003 OSt
005 20151202142639.0
008 151202b xxu||||| |||| 00| 0 eng d
040 _cRUA
082 _aFIS SRE 2002 B173 Or.1
100 _94142
_aSREY, SAMANN.
245 _aUse of efluent from biogas stove as fertilizer for primary production and as feed of lilapia (Oreochromis niloticus),ការប្រើប្រាស់សំណល់រាវពីឡជីវឧស្ម័នផ្ដល់ជាជីសំរាប់ពពួកផលិតកម្មដំបូង និងជាចំណីរបស់ត្រីទីឡាព្យា
260 _aPhnom Penh
_bRUA
_c2002
300 _a40p.
_bill.
_c29cm.
942 _2ddc
_cFIS
999 _c3854
_d3854